000
00276nam a22001217a 4500
082
_a
613.7046
_b
VEN/Y
100
_a
VENKATESWARAN, P S
245
_a
YOGA FOR YOU
260
_a
MUMBAI
_b
JAICO PUBLISHING HOUSE
300
_a
32
650
_a
HEALTH AND FITNESS
_z
INDIA
942
_c
BK
999
_c
5468
_d
5468